00531nam a22001697a 450000500170000001000150001702000270003203500140005903700090007308200160008210000130009824501000011126000350021127000630024630000330030950000190034220250708121634.0 aENG-145817 a9789395474320c2195.00 aEN-129349 bDBAD a305.8954051 aYee, Amy aFar from the rooftop of the world:bTravels among Tibetan refugees on four continents/cAmy Yee aNew DelhibSanctum Booksc2025 a68 Medical Association Road, Darya GanjbNew Delhie110002 axix, 261p. c24cm(hb)bIndex aIncludes index